| 000 | 00492cam a22001697a 4500 | ||
|---|---|---|---|
| 020 | _a9251042942 | ||
| 040 | _cMNP | ||
| 082 | _a630 FOO 1999 C153 Or. | ||
| 245 | 0 | 4 | _aThe use of spices and medicinals as bioactive protectants for grains / |
| 260 |
_aRome : _bFood and Agriculture Organization of the United Nations, _c1999. |
||
| 300 |
_axiii, 239 p. : _bill. ; _c30 cm. |
||
| 650 | 0 | _aGrain | |
| 650 | 0 | _aGrain | |
| 650 | 0 | _aBotanical pesticides. | |
| 700 | 1 | _aGolob, P. | |
| 942 | _cAEDBB | ||
| 999 |
_c18897 _d18897 |
||